| 000 | 00527nam a2200169 a 4500 | ||
|---|---|---|---|
| 001 | 000025118 | ||
| 005 | 20200930023556.0 | ||
| 008 | 110210s1996 dr a 000 0 spa d | ||
| 040 |
_aDO-SdBNP _bspa _cBNPHU |
||
| 082 |
_axxx _bV161s |
||
| 100 | 1 |
_aValenzuela Concepción, Luis _d1951- _951509 |
|
| 245 | 1 | 0 |
_aSatanismo / _cLuis Valenzuela Concepción. |
| 260 |
_aSanto Domingo : _bJR. Editora, _c1996. |
||
| 300 |
_a117 p. : _bil. ; _c15 cm. |
||
| 500 | _aIncluye datos biográficos del autor en la contraportada | ||
| 049 | _aBNPD | ||
| 999 |
_c24611 _d24611 |
||